Logic Puzzle: Black, White or Grey Quiz Stats

 Plays Quiz Updated Aug 15, 2017

Support Sporcle.
Go Orange.
Score 0/25 Timer 20:00
4 Plays Today
Box Color % Correct



A1


???
100%



B3


???
84.1%



A3


???
65.8%



A5


???
65.2%



B4


???
56%



A4


???
41.1%



A2


???
37.3%



B2


???
35%



C2


???
33.7%



C4


???
32.8%



D2


???
31.9%



B5


???
31%



E1


???
28.6%
Box Color % Correct



C1


???
28.6%



B1


???
27.7%



C3


???
24.2%



D4


???
24.1%



D1


???
21.4%



E2


???
20.3%



C5


???
18.9%



E5


???
17.3%



D5


???
17.2%



E4


???
16.6%



D3


???
14.9%



E3


???
13.7%

From the Vault

Song Spree - The Beatles II

by googlebird

Music 15m
We really need to come to a consensus on which person was actually the 5th Beatle.
Remove Ads.
Support Sporcle.
Get the best of Sporcle when you Go Orange. This ad-free experience offers more features, more stats, and more fun while also helping to support Sporcle. Thank you for becoming a member.

Show Comments

Extras

Top Quizzes Today


Score Distribution

Your Account Isn't Verified!

In order to create a playlist on Sporcle, you need to verify the email address you used during registration. Go to your Sporcle Settings to finish the process.

Report this User

Report this user for behavior that violates our Community Guidelines.

Details: